000 00300nam a22001337a 4500
008 170327b xxu||||| |||| 00| 0 eng d
020 _a0397542240
041 _aeng
080 _22 ED
_a615.83
100 _a8
101 _aSHM
245 _aGUIDE TO PHYSICAL EXAMINATION
_cBTES,B
942 _2udc
_cBK
999 _c8714
_d8714